000 00359nam a2200133 a 4500
001 000040811
005 20201002034409.0
008 130906s2013 dr ac 000 0 spa d
040 _aDO-SdBNP
_bspa
_cBNPHU
082 _axxx
_bxxx
245 0 0 _aMe toca a mi.
260 _aSanto Domingo :
_bCuerpo de Paz,
_c[2013].
300 _a22 p. :
_bil., retr. ;
_c28 cm.
_e+CD
999 _c40301
_d40301